01221nam a2200325Ia 450000500170000000800410001702000180005810000270007624501050010325000180020830000250022653400490025160000610030065000490036165000490041065000370045965000370049665000350053365000380056865000390060665000360064570000280068170000210070926400310073033600270076133700330078833800280082104000350084908400110088420220317001415.0161108s2012 sp g 000 0 spa  a97884155790831 aPullman, Philipd1946-10aCuentos de los hermanos Grimmbpara todas las edadescPhilip Pullman ; traducido por Enrique Murillo a1a. edición a452 páginasc24 cm tGrimm tales for young and old. A new version1 aGrimm, Wilhelm Karld1786-1859xCritica e interpretacion142LEMBaCuentos infantiles alemanes ySiglo XX142LEMBaLiteratura infantil alemana ySiglo XX142LEMBaAnimales en la literatura 142LEMB aNiños en la literatura 142LEMB aHadas en la literatura 142LEMB aHermanos en la literatura 142LEMB aPrincesas en la literatura 142LEMB aBrujas en la literatura 1 aGrimm, Jacobd1785-18631 aMurillo, Enrique aBarcelonabB de Blokc2012 atextobtxt2rdacontent asin mediaciónbn2rdamedia avolumenbnc2rdacarrier aCO-BoRNBPbspaerdacCO-BoRNBP aC PUL2